Алгебра и начала математического анализа. Ч. 2: Задачник для учащихся общеобразовательных организаций (базовый уровень) (Запись № 10040889)

Подробности
000 -МАРКЕР
контрольное поле 01534nam2a2200253 4500
001 - ИДЕНТИФИКАТОР ЗАПИСИ
контрольное поле RU\NLR\BIBL_A\010775424
005 - ИДЕНТИФИКАТОР ВЕРСИИ
контрольное поле 20260406124225.0
010 ## - МЕЖДУНАРОДНЫЙ СТАНДАРТНЫЙ НОМЕР КНИГИ (ISBN)
Номер (ISBN) 978-5-346-03318-9
Уточнения ч. 2
Тираж 50000
021 ## - НОМЕР ГОСУДАРСТВЕННОЙ РЕГИСТРАЦИИ
Код страны Российская Федерация
Номер 2015-30545
Номер Листа государственной регистраци 1814
035 ## - ДРУГИЕ СИСТЕМНЫЕ НОМЕРА
Идентификатор записи (NLR Aleph) 010775424
100 ## - ДАННЫЕ ОБЩЕЙ ОБРАБОТКИ
Данные общей обработки 20150604d2015 |||y0rusy50 ca
101 0# - ЯЗЫК РЕСУРСА
Язык текста, звукозаписи и т.д. русский
102 ## - СТРАНА ПУБЛИКАЦИИ ИЛИ ПРОИЗВОДСТВА
Страна публикации Российская Федерация
105 ## - ПОЛЕ КОДИРОВАННЫХ ДАННЫХ: ТЕКСТОВЫЕ МАТЕРИАЛЫ, МОНОГРАФИЧЕСКИЕ
Кодированные данные о монографическом текстовом документе a|||j|||000yy
200 1# - ЗАГЛАВИЕ И СВЕДЕНИЯ ОБ ОТВЕТСТВЕННОСТИ
Основное заглавие Задачник для учащихся общеобразовательных организаций (базовый уровень)
Первые сведения об ответственности [А.Г. Мордкович и др.]
Последующие сведения об ответственности под. ред. А.Г. Мордковича
210 ## - ПУБЛИКАЦИЯ, РАСПРОСТРАНЕНИЕ И ДР.
Дата издания, распространения и т.д. 2015
Место издания, распространения и т.д. Б. м.
215 ## - ФИЗИЧЕСКАЯ ХАРАКТЕРИСТИКА
Специфическое обозначение материала и объем 271 с.
Другие сведения о физической характеристике ил.
461 #0 - УРОВЕНЬ НАБОРА
Встроенное поле 001RU\NLR\BIBL_A\010840889
-- 2001#$aАлгебра и начала математического анализа$e10-11 классы$eв 2 ч.$fА.Г. Мордкович, Л.В. Семенов$vЧ. 2
-- 700#1$aМордкович$bА. Г.$f1940-$gАлександр Григорьевич$3RU\NLR\AUTH\77983
Системный номер (АБИС) связанной записи 10326436
Автор Мордкович, А. Г. (1940-)
Место публикации Москва
Дата публикации 2015
Издание 3-е изд., стер.
Первые сведения об ответственности А.Г. Мордкович, Л.В. Семенов
Имя издателя, распространителя и т.д. Мнемозина
Сведения, относящиеся к заглавию 10-11 классы : в 2 ч.
Заглавие Алгебра и начала математического анализа
ISBN 9785346033160
Номер тома Ч. 2
702 #1 - ИМЯ ЛИЦА - ВТОРИЧНАЯ ОТВЕТСТВЕННОСТЬ
Код отношения Составитель
-- Редактор
Графика поля Кириллица
Материалы, к которым относится поле rus
Начальный элемент ввода Мордкович
Часть имени, кроме начального элемента ввода А. Г.
Даты 1940-
Расширение инициалов личного имени Александр Григорьевич
Системный номер авторитетной/нормативной записи 111018
Идентификатор авторитетной/нормативной записи RU\NLR\AUTH\77983
942 ## - ДОПОЛНИТЕЛЬНЫЕ ЭЛЕМЕНТЫ ЗАПИСИ (АБИС)
Тип экземпляра АБИС Книга
980 ## - КОЛЛЕКЦИЯ
Название коллекции Национальная библиография
Экземпляры
Тип экземпляра Дата поступления Источник поступления Библиотека постоянного хранения Библиотека текущего хранения Место хранения Шифр хранения Штрих-код Статус экземпляра
Книга 04.06.2015 Обязательный экземпляр РНБ (Московский) РНБ (Московский) Русский книжный фонд: издания с 1957 года 2015-5/4490 1-1014574  
Книга 04.06.2015 Обязательный экземпляр РНБ (Московский) РНБ (Московский) Русский книжный фонд: издания с 1957 года 2015-5/4490 1-1014575